| 000 | 00000nam##2200000za#4500 |
| 001 | 9.694019 |
| 003 | CaOODSP |
| 005 | 20240209132432 |
| 007 | cr ||||||||||| |
| 008 | 150407|2003||||xxc|||||o f|0| 0 eng|d |
| 040 | |aCaOODSP|beng |
| 043 | |an-cn--- |
| 086 | 1 |aC89-4/114-3-2003E-PDF |
| 110 | 2 |aAtlantic Canada Opportunities Agency. |
| 245 | 10|aSector export strategies - Atlantic Trade and Investment Partnership |h[electronic resource] |
| 260 | |aMoncton - New Brunswick : |bAtlantic Canada Opportunities Agency |c[2003]. |
| 300 | |a1p. |
| 500 | |aThe catalogue number (C89-4/114-3-2003) and ISBN (0-662-67831-1) for the bilingual print edition have been incorrectly copied in this electronic publication. |
| 590 | |a11-07-Supp|b2011-05-17 |
| 690 | 07|aExports|2gcpds |
| 775 | 08|tStratégies d'exportation sectorielles - Partenariat pour le commerce et l'investissement au Canada atlantique |w(CaOODSP)9.638202 |
| 856 | 40|ahttp://publications.gc.ca|qPDF|s48 KB|uhttps://publications.gc.ca/collections/collection_2010/apeca-acoa/C89-4-114-3-2003-eng.pdf |